000 00484nam a2200169Ia 4500
005 20250508154009.0
008 008 250505s9999 xx 000 0 eng d
037 _aTextual
040 _aFEDL
_beng
_cFEDL
041 _aeng
_2eng
084 _a371.93, PIL
_qFEDL
245 0 _aSocial defence and child guidance
260 _aBihar, India
_bThe Research and Publication Division
_c1960
300 _a62p.
942 _cTEXL
_h371.93, PIL
999 _c1346906
_d1346906